000 00427nam a22001577a 4500
005 20250505150026.0
008 250505b |||||||| |||| 00| 0 eng d
020 _a9780071263399
050 _aHF 5386
_b.D392
100 _aDESJARDINS, JOSEPH
245 _aAN INTRODUCTION TO BUSINESS ETHICS
_cJOSEPH DESJARDINS
250 _a3RD EDITION
260 _aBOSTON
_bMCGRAW-HILL
_cc2009
300 _axiv,; 281p;
942 _2lcc
_cBK
_n0
999 _c5645
_d5645